Welcome to the Holygrace Academy Library

Please use search bar below to get started

GUNAPADAKATHAKAL (Record no. 8932)

MARC details
000 -LEADER
fixed length control field 01115nam a22001337a 4500
082 ## - DEWEY DECIMAL CLASSIFICATION NUMBER
Classification number 823
Item number ESH/G
100 ## - MAIN ENTRY--AUTHOR NAME
Personal name ESHA PUBLICATIONS
245 ## - TITLE STATEMENT
Title GUNAPADAKATHAKAL
246 ## - VARYING FORM OF TITLE
Title proper/short title GUNAPADAKATHAKAL
Remainder of title GUNAPADAKATHAKAL
260 ## - PUBLICATION, DISTRIBUTION, ETC. (IMPRINT)
Place of publication SIVAKASI
Name of publisher ESHA
Year of publication 2023
300 ## - PHYSICAL DESCRIPTION
Number of Pages 16 16 16
650 ## - SUBJECT ADDED ENTRY--TOPICAL TERM
Topical Term MALAYALAM STORIES
942 ## - ADDED ENTRY ELEMENTS (KOHA)
Koha item type Books
Holdings
Withdrawn status Lost status Collection code Home library Current library Shelving location Date acquired Source of acquisition Cost, normal purchase price Full call number Accession Number Koha item type
    Fiction Main Library Main Library NEW SHELF WITH NEW ENTRY 07/09/2024 PURCHASED 40.00 823 ESH/G 13627 Books